Quartiere Wuppertals - Statistiken

Allgemein
  • Dieses Quiz wurde 17 mal gespielt
  • Das Durchschnittsergebnis liegt bei 21 aus 69
Antworten auf der Karte
Die Antworten werden auf der Karte rot bzw. grün angezeigt, abhängig davon wie oft sie richtig erraten wurden.
 
Antwortstatistiken
Antwort % Korrekt
Heckinghausen
60%
Berghausen
50%
Cronenberg-Mitte
50%
Cronenfeld
50%
Hatzfeld
50%
Kohlfurth
50%
Nordstadt
50%
Beyenburg-Mitte
40%
Blombach-Lohsiepen
40%
Erbschlö-Linde
40%
Friedrich-Engels-Allee
40%
Hahnerberg
40%
Jesinghauser Straße
40%
Loh
40%
Nächstebreck-Ost
40%
Nächstebreck-West
40%
Nevigeser Straße
40%
Schöller-Dornap
40%
Sonnborn
40%
Sudberg
40%
Südstadt
40%
Uellendahl-Ost
40%
Uellendahl-West
40%
Vohwinkel-Mitte
40%
Zoo
40%
Barmen-Mitte
30%
Blutfinke
30%
Dönberg
30%
Elberfeld-Mitte
30%
Friedrichsberg
30%
Grifflenberg
30%
Höhe
30%
Industriestraße
30%
Küllenhahn
30%
Lichtenplatz
30%
Löhrerlen
30%
Lüntenbeck
30%
Oberbarmen-Schwarzbach
30%
Osterholz
30%
Rauental
30%
Ronsdorf-Mitte/Nord
30%
Sedansberg
30%
Wichlinghausen-Nord
30%
Wichlinghausen-Süd
30%
Arrenberg
20%
Beek
20%
Brill
20%
Clausen
20%
Fleute
20%
Hammesberg
20%
Herbringhausen
20%
Hilgershöhe
20%
Kothen
20%
Nützenberg
20%
Ostersbaum
20%
Rehsiepen
20%
Schrödersbusch
20%
Siebeneick
20%
Tesche
20%
Westring
20%
Buchenhofen
10%
Eckbusch
10%
Ehrenberg
10%
Heidt
10%
Hesselnberg
10%
Langerfeld-Mitte
10%
Rott
10%
Schenkstraße
10%
Varresbeck
10%
Keine übereinstimmenden Quizze gefunden
Verteilung der Resultate
Anzahl Personen mit jedem Resultat
Perzentil nach korrekt beantworteten Fragen
Ihre Resultats-Entwicklung
Sie haben dieses Quiz noch nicht gespielt